Civilné právo procesné vykonávacie konanie : konkurz a reštrukturalizácia : rozhodcovské konanie : správne súdnictvo

Bibliographic Details
Main Authors: Zámožík, Jozef, 1980- (Author), Sojka, Pavol (Author), Príbelská, Petra (Author), Uhliarová, Martina (Author), Dobrovodský, Róbert, 1982- (Author)
Format: Book
Language:Slovak
PhysicalDescription:372 s. grafy, sch., tab. 23 cm
Published: Plzeň Aleš Čeněk 2013
ISBN:9788073804176
Edition:[1. vyd.]
Series:Slovenské učebnice
Subjects:

MARC

LEADER 00000nam a2200000 a 4500
001 vtls010506228
003 SK-MaSNL
005 20260425235829.0
008 240315s2013 xr a f 001 0 slo
015 |a SNBZSA2013-00795 
020 |a 9788073804176  |q (brož.) 
035 |a F0210F95-6EF6-4054-AB5C-D73D9C3E4CD2 
035 |a urn:nbn:sk:snk-amkbo8 
035 |a urn:nbn:sk:snk-am008ims 
040 |a SNK  |b slo  |c SNK  |e AACR2 
041 0 |a slo  |b eng 
044 |a xr  |c CZ 
072 7 |a 347.9  |x Občianske súdne konanie. Súdnictvo  |2 konspekt 
080 |a 347.9  |2 2001 
080 |a 347.736  |2 2001 
080 |a (075.8)  |2 2001 
080 |a (437.6)  |2 2001 
100 1 |a Zámožík, Jozef,  |d 1980-  |4 aut  |9 222516 
245 1 0 |a Civilné právo procesné  |b vykonávacie konanie : konkurz a reštrukturalizácia : rozhodcovské konanie : správne súdnictvo  |c Jozef Zámožík a kolektív 
246 3 0 |a Vykonávacie konanie 
246 3 0 |a Konkurz a reštrukturalizácia 
246 3 0 |a Rozhodcovské konanie 
246 3 0 |a Správne súdnictvo 
250 |a [1. vyd.] 
260 |a Plzeň  |b Aleš Čeněk  |c 2013 
300 |a 372 s.  |b grafy, sch., tab.  |c 23 cm 
490 1 |a Slovenské učebnice 
504 |a Bibliogr.: s. 363-364 ; reg. vecný ; zoz. skrat. 
546 |a Res. angl. 
650 0 7 |a občianske právo procesné  |2 SNKPH  |9 2248 
650 0 7 |a Law of civil procedure  |2 SNKPHeng  |9 310499 
650 0 7 |a občianske súdne konanie  |2 SNKPH  |9 2671 
650 0 7 |a Legal procedure  |2 SNKPHeng  |9 313534 
650 0 7 |a konkurzné právo  |2 SNKPH  |9 4629 
650 0 7 |a Bankruptcy law  |2 SNKPHeng  |9 324038 
651 7 |a Slovensko  |2 SNKPH  |9 14231 
651 7 |a Slovakia  |2 SNKPHeng  |9 92630 
655 7 |a učebnice vysokých škôl  |2 SNKPH  |9 70191 
655 7 |a Textbooks (higher)  |2 SNKPHeng  |9 276436 
700 1 |a Sojka, Pavol  |4 aut  |9 546495 
700 1 |a Príbelská, Petra  |4 aut  |9 546496 
700 1 |a Uhliarová, Martina  |4 aut  |9 546497 
700 1 |a Dobrovodský, Róbert,  |d 1982-  |4 aut  |9 230804 
830 0 |a Slovenské učebnice  |9 333775 
919 |a 978-80-7380-417-6 
958 |a ZS 
958 |a NB 
958 |a SK 
958 |a CZ 
999 |c 839268  |d 841198 
952 |a SNK  |b SNK  |y VYP  |7 0  |p 17A1094645  |o snkSC 154242 D1  |i snk2014/2454  |8 4  |g 14.63  |0 0  |1 0  |4 0  |d 2013-12-10  |l 0  |r 2026-02-24 04:06:00  |w 2026-02-24 
952 |a SNK  |b SNK  |y PREZ  |7 0  |p 17A1068495  |o snkSC 154242  |i snk2013/9850  |8 4  |g 15.50  |0 0  |1 0  |4 0  |d 2013-04-25  |l 0  |r 2025-07-24 00:00:00  |w 2026-02-24